000 00786nam a2200241Ia 4500
003 GCL
008 140319s9999 xx 000 0 ara d
040 _aGCL /
_cGCL
082 0 4 _a070
_bل ت
100 1 _aلويس، كارولين ديانا
245 1 0 _aالتغطية الاخبارية للتليفزيون /
_cلويس، كارولين ديانا
700 1 _aمحمود شكرى العدوى (مترجم)
700 1 _aسعد لبيب
260 _a[S.N] :
_bالمكتبة الاكاديمية ،
_c1993
300 _a215 ص
490 _a
650 0 4 _aالتليفزيون
650 0 4 _aوسائل الاعلام
650 0 4 _aبرامج التليفزيون
650 0 4 _aالاخراج التليفزيونى
650 0 4 _aالانباء
942 _2ddc
_cBK
999 _c54372
_d54372